Tự học nhanh Internet bằng hình ảnh

Na minha lista:
Detalhes bibliográficos
Autor principal: Nguyễn, Tiến
Formato: Livro
Idioma:Undetermined
Publicado em: Thành phố Hồ Chí Minh Thống kê 2003
Assuntos:
Tags: Adicionar Tag
Sem tags, seja o primeiro a adicionar uma tag!
Thư viện lưu trữ: Trung tâm Học liệu Trường Đại học Cần Thơ
LEADER 00634nam a2200193Ia 4500
001 CTU_64318
008 210402s9999 xx 000 0 und d
020 |b 17000 
082 |a 004.678 
082 |b T305 
100 |a Nguyễn, Tiến 
245 0 |a Tự học nhanh Internet bằng hình ảnh 
245 0 |c Nguyễn Tiến, Đặng Xuân Hường, Nguyễn Văn Hoài 
260 |a Thành phố Hồ Chí Minh 
260 |b Thống kê 
260 |c 2003 
650 |a Internet ( computer network ) 
904 |i Năm (Nguyên sửa) 
980 |a Trung tâm Học liệu Trường Đại học Cần Thơ